000 00379nam a2200145Ia 4500
008 230917s9999||||xx |||||||||||||| ||und||
040 _e16292
_aMAIN
041 _aEnglish
082 _a515.353 T728B
100 _aTraves, Trancois
245 0 _aBasic linear partial differentias equations
260 _aNew York
_bAcademic Press
_c1975
300 _avii,4708 p.
942 _cBK
999 _c190832
_d190832